000 00516nam a2200181Ia 4500
005 20250508154540.0
008 008 250505s9999 xx 000 0 eng d
037 _aTextual
040 _aFEDL
_beng
_cFEDL
041 _aeng
_2eng
084 _a320.954, KAR
_qFEDL
100 _aKarunakaran K. P.
245 0 _aReligon and political awakening in India
260 _aMeerut, India
_bMeenakshi Prakashan
_c1965
300 _aviii,262p.
942 _cTEXL
_h320.954, KAR
999 _c1350861
_d1350861